| 000 | 00827cam a22002534a 4500 | ||
|---|---|---|---|
| 001 | 13253872 | ||
| 005 | 20180109071044.0 | ||
| 008 | 030626s2003 mau b 000 0 eng | ||
| 010 | _a 2003014847 | ||
| 020 | _a0807032468 (cloth : alk. paper) | ||
| 040 |
_aDLC _cDLC _dDLC |
||
| 041 | _aeng | ||
| 042 | _apcc | ||
| 043 | _an-us--- | ||
| 080 | _a371.93 | ||
| 082 | 0 | 0 |
_a371.93 MER _221 |
| 100 | 1 | _a46 | |
| 101 | _aEDU | ||
| 245 | 1 | 0 |
_aTeaching the restless : _cChris Mercogliano. |
| 504 | _aIncludes bibliographical references (p. [251]-252). | ||
| 906 |
_a7 _bcbc _corignew _d1 _eecip _f20 _gy-gencatlg |
||
| 942 |
_2ddc _cBK |
||
| 999 |
_c39894 _d39894 |
||